| 000 | 00575nam a2200193Ia 4500 | ||
|---|---|---|---|
| 005 | 20250508160442.0 | ||
| 008 | 008 250505s9999 xx 000 0 eng d | ||
| 037 | _aTextual | ||
| 040 |
_aFEDL _beng _cFEDL |
||
| 041 |
_aeng _2eng |
||
| 084 |
_a915.2, BRA _qFEDL |
||
| 100 |
_aBrameld Theodore _994518 |
||
| 245 | 0 | _aJapan: Culture, education, and change in two communities | |
| 245 | 0 | _cDelhi Library Board | |
| 260 |
_aNew York, USA _bHolt, Rinehart and Winston _c1968 |
||
| 300 | _axx,316p. | ||
| 942 |
_cTEXL _h915.2, BRA |
||
| 999 |
_c1364690 _d1364690 |
||